| 000 | 00481nam a2200181Ia 4500 | ||
|---|---|---|---|
| 008 | 220216s9999 xx 000 0 und d | ||
| 100 | _aKarthikakutty Amma M | ||
| 245 | 0 | _aImpact analysis on discriminatory fertiliser application | |
| 260 |
_bRubber Board Bulletin _c2000 |
||
| 300 | _a34-41 | ||
| 650 | _aFertiliser application | ||
| 700 | _aAmbily K.K | ||
| 700 | _aCyriac J | ||
| 700 | _aEapen T | ||
| 700 | _aPrasannakumari P | ||
| 700 | _aUlakanathan A | ||
| 942 | _cJS | ||
| 999 |
_c60703 _d60703 |
||